| 000 | 00388nam a22001697a 4500 | ||
|---|---|---|---|
| 999 |
_c5063 _d5061 |
||
| 005 | 20210908131643.0 | ||
| 008 | 160701b xxu||||| |||| 00| 0 eng d | ||
| 020 | _a978-81-904548-9-1 | ||
| 041 | _aeng | ||
| 082 | _b20358 | ||
| 100 |
_aPradhan DR AK _93387 |
||
| 245 | _aAgricultural Chemistry | ||
| 260 |
_bMangan _c2007 |
||
| 300 | _a292 | ||
| 650 |
_aAgriculture _92837 |
||
| 942 | _cBK | ||